000 00779nam a2200253 a 4500
999 _c2725
_d2725
003 PK-NaQUE
005 20250920114803.0
008 241216b ||||| |||| 00| 0 eng d
020 _a0073129305 (hardcover)
020 _a9780073129303 (hardcover)
040 _cQUEST
100 1 _aCengel, Yunus A.
245 1 0 _aHeat and Mass Transfer : fundamentals and applications
250 _a3rd ed.
260 _a[S.l.] :
_bMcGraw-Hill,
_c2007.
300 _a901p. ;
490 1 _aMcgraw-hill series in mechanical engineering.
650 _aHeat--Transmission
650 _aMass transfer
650 _aHeat--Transmission--Industrial applications
700 _aGhajar, Afshin J.
856 4 0 _uhttp://10.10.170.122:8080/browse/book/2582
_yDownload eBook
942 _cBK
_2ddc